000 01093nam a2200217Ii 4500
003 JO-AjNU
008 230605s9999||||xx |||||||||||||| ||und||
017 _a2004/7/1825
040 _aJO-AjNU
_bara
_erda
_cJO-AjNU
041 _aara
050 1 4 _aK5438.T3822.2004
100 3 _a الطوالبة، علي حسن محمد ,
_eauthor
_946512
245 0 0 _aالتفتيش الجنائي على نظم الحاسوب والإنترنت " دراسة مقارنة "
250 _aط1
264 3 1 _aاربد: عالم الكتب الحديث، 2004
300 _a282ص
_bيشتمل على ببلوغرافيا المصادر باللغة العربية والانجليزية ص ( 255 - 282 )
336 _atext
_btxt
_2rdacontent
337 _aunmediated
_bn
_2rdamedia
338 _avolume
_bnc
_2rdacarrier
650 4 _aالحاسبات الإلكترونية -- قوانين وتشريعات -- الإنترنت -- قوانين وتشريعات -- جرائم الحاسبات الإلكترونية -- التفتيش الجنائي -- القانون الجنائي المقارن
_946513
999 _aA20241
_c23809
_d23809